000 00526nam a2200133Ia 4500
008 100328s9999 xx 000 0 und d
082 _b51237
100 _aलेले रा.के.
245 _aमराठी वृत्तपत्रांचा इतिहास.
260 _bकॉन्टिनेन्टल
630 _aमराठी वृत्तपत्रांचा इतिहास.
730 _aमराठी वृत्तपत्रांचा इतिहास.
942 _cBOOK
999 _c538216
_d538213